| 000 | 00356 a2200157 4500 | ||
|---|---|---|---|
| 001 | 153000 | ||
| 040 | _cEscola São Tomás de Aquino | ||
| 100 | _aVIEIRA, Rafaella | ||
| 240 | 1 | 0 |
_aSkate na pista do amor _lpor |
| 245 | 1 | 0 | _aSkate na pista do amor |
| 300 | _a180 | ||
| 362 | 0 | _a2014 | |
| 440 | 1 | _aBaobá | |
| 697 | _a*LITERATURA JUVENIL | ||
| 942 | _cBK | ||
| 999 |
_c153000 _d153000 |
||